L'atelier d'écriture : Éléments pour la rédaction du texte littéraire (notice n° 2083672)
[ vue normale ]
| 000 -LEADER | |
|---|---|
| fixed length control field | 00935cam a2200157 4500500 |
| 005 - DATE AND TIME OF LATEST TRANSACTION | |
| control field | 20260405005429.0 |
| 041 ## - LANGUAGE CODE | |
| Language code of text/sound track or separate title | fre |
| 042 ## - AUTHENTICATION CODE | |
| Authentication code | dc |
| 100 10 - MAIN ENTRY--PERSONAL NAME | |
| Personal name | Roche, Anne |
| Relator term | author |
| 245 00 - TITLE STATEMENT | |
| Title | L'atelier d'écriture : Éléments pour la rédaction du texte littéraire |
| 260 ## - PUBLICATION, DISTRIBUTION, ETC. | |
| Name of publisher, distributor, etc. | Armand Colin,<br/> |
| Date of publication, distribution, etc. | 2023.<br/> |
| 520 ## - SUMMARY, ETC. | |
| Summary, etc. | Résultat du travail d'une équipe expérimentée, ce livre propose, en sept chapitres, une progression raisonnée d'exercices, allant du plus simple (consignes précises et détaillées) au plus complexe (acquisition de mécanismes scripturaux, production de textes). Ces exercices illustrent des éléments théoriques prolongés par des indications de lectures. Ils peuvent être réalisés seul, en groupe ou en classe. |
| 700 10 - ADDED ENTRY--PERSONAL NAME | |
| Personal name | Guiguet, Andrée |
| Relator term | author |
| 700 10 - ADDED ENTRY--PERSONAL NAME | |
| Personal name | Voltz, Nicole |
| Relator term | author |
| 856 41 - ELECTRONIC LOCATION AND ACCESS | |
| Uniform Resource Identifier | <a href="https://shs.cairn.info/l-atelier-d-ecriture--9782200635312?lang=fr&redirect-ssocas=7080">https://shs.cairn.info/l-atelier-d-ecriture--9782200635312?lang=fr&redirect-ssocas=7080</a> |
Pas d'exemplaire disponible.




Réseaux sociaux